000 00495nam a2200181Ia 4500
001 24840
005 20260414151110.0
008 260414t2005||||xx |||||||||||||| ||spa||
041 _aESP
082 _a346
_bE88
100 _aEspinoza Espinoza, Juan
_eAUT
245 0 _aLos principios contenidos en el título preliminar del Código civil peruano de 1984 texto impreso
_b
260 _c2005
300 _a518 páginas :
_c\N
650 _aDER
654 _aCDE
942 _cLIB
_dJUS
_fJUS
_2ddc
_n
999 _c24840
_d24840